Groups combinatorics & geometry (Record no. 56011)
[ view plain ]
| 000 -LEADER | |
|---|---|
| fixed length control field | 01402nam a2200337Ia 4500 |
| 082 04 - DEWEY DECIMAL CLASSIFICATION NUMBER | |
| Classification number | 516.13 |
| 245 10 - TITLE STATEMENT | |
| Title | Groups combinatorics & geometry |
| 260 ## - PUBLICATION, DISTRIBUTION, ETC. (IMPRINT) | |
| Place of publication | New Jersey ; |
| -- | London : |
| Name of publisher | World Scientific, |
| Year of publication | 2003. |
| 300 ## - PHYSICAL DESCRIPTION | |
| Number of Pages | x, 335 p. |
| 500 ## - GENERAL NOTE | |
| General note | Conference proceedings. |
| 650 #0 - SUBJECT ADDED ENTRY--TOPICAL TERM | |
| Topical Term | Group theory |
| Topical Term | Combinatorial analysis |
| 700 1# - ADDED ENTRY--PERSONAL NAME | |
| Personal name | Ivanov, A. A. |
| Personal name | Liebeck, M. W. |
| Personal name | Saxl, J. |
| 856 40 - ELECTRONIC LOCATION AND ACCESS | |
| Uniform Resource Identifier | http://site.ebrary.com/lib/rucke/Doc?id=10083778 |
No items available.
